[Event "DVM U16 2021"]
[Site "Kiel GER"]
[Date "2022.07.25"]
[Round "6"]
[White "Lauterbach, Kolja"]
[Black "Troßmann, Max"]
[Result "1/2-1/2"]
[Termination "normal"]
[Board "7.2"]
[WhiteElo "1663"]
[BlackElo "1785"]
[WhiteClock "00:20:04"]
[BlackClock "00:23:52"]
[WhiteTeam "SK Freiburg-Zähringen 1887 e.V."]
[BlackTeam "SC Ansbach 1855 e.V."]
[PlyCount "62"]
[WhiteFideId "16235916"]
[BlackFideId "16292634"]
[EventCountry "GER"]
[EventRounds "7"]
[EventType "team-swiss"]
[EventDate "2022.07.22"]

1. e4 {[%clk 01:30:58]} d5 {[%clk 01:30:46]} {[%emt 00:00:15]} 2. exd5 {[%clk
01:31:19]} {[%emt 00:00:09]} Nf6 {[%clk 01:31:09]} {[%emt 00:00:07]} 3. d4
{[%clk 01:30:18]} {[%emt 00:01:31]} Qxd5 {[%clk 01:31:01]} {[%emt 00:00:38]} 4.
Nc3 {[%clk 01:30:27]} {[%emt 00:00:20]} Qd8 {[%clk 01:31:24]} {[%emt 00:00:07]}
5. Nf3 {[%clk 01:26:41]} {[%emt 00:04:16]} g6 {[%emt 00:00:57]} 6. Be3 {[%clk
01:25:34]} {[%emt 00:01:26]} c6 {[%clk 01:29:54]} {[%emt 00:01:44]} 7. Bd3
{[%clk 01:23:19]} {[%emt 00:02:46]} Bg7 {[%clk 01:29:54]} {[%emt 00:00:30]} 8.
Qd2 {[%clk 01:23:41]} {[%emt 00:00:08]} Nbd7 {[%emt 00:01:18]} 9. O-O-O {[%clk
01:21:41]} {[%emt 00:02:28]} Nb6 {[%clk 01:27:17]} {[%emt 00:02:21]} 10. Bh6
{[%clk 01:17:15]} {[%emt 00:04:56]} O-O {[%clk 01:27:27]} {[%emt 00:00:20]} 11.
h4 {[%clk 01:16:17]} {[%emt 00:01:28]} Bg4 {[%clk 01:23:46]} {[%emt 00:04:10]}
12. Rdg1 {[%clk 01:10:26]} {[%emt 00:06:21]} Bxf3 {[%clk 01:15:26]} {[%emt
00:08:50]} 13. gxf3 {[%clk 01:10:47]} {[%emt 00:00:10]} Nh5 {[%clk 01:12:36]}
{[%emt 00:03:19]} 14. Bxg7 {[%clk 01:07:29]} {[%emt 00:03:48]} Kxg7 {[%clk
01:12:10]} {[%emt 00:00:57]} 15. Qg5 {[%clk 01:06:16]} {[%emt 00:01:43]} Kh8
{[%clk 01:11:16]} {[%emt 00:01:24]} 16. Qe5+ {[%clk 01:06:29]} {[%emt
00:00:16]} f6 {[%clk 01:07:42]} {[%emt 00:04:04]} 17. Qe3 {[%clk 01:04:32]}
{[%emt 00:02:28]} f5 {[%clk 01:00:54]} {[%emt 00:07:18]} 18. Qe5+ {[%clk
00:59:09]} {[%emt 00:05:52]} Rf6 {[%clk 01:00:38]} {[%emt 00:00:46]} 19. Re1
{[%clk 00:48:22]} {[%emt 00:11:18]} e6 {[%clk 00:53:07]} {[%emt 00:08:01]} 20.
Ne2 {[%clk 00:39:19]} {[%emt 00:09:32]} Nd7 {[%clk 00:48:53]} {[%emt 00:04:45]}
21. Qe3 {[%clk 00:37:56]} {[%emt 00:01:53]} Qc7 {[%clk 00:46:18]} {[%emt
00:03:05]} 22. f4 {[%clk 00:35:22]} {[%emt 00:03:04]} Rg8 {[%clk 00:38:41]}
{[%emt 00:08:07]} 23. Bc4 {[%clk 00:34:32]} {[%emt 00:01:20]} Qd6 {[%clk
00:34:44]} {[%emt 00:04:26]} 24. Rh3 {[%clk 00:31:29]} {[%emt 00:03:33]} a6
{[%clk 00:32:57]} {[%emt 00:02:18]} 25. Rf3 {[%clk 00:22:42]} {[%emt 00:09:16]}
Nb6 {[%clk 00:25:51]} {[%emt 00:07:37]} 26. Bb3 {[%clk 00:21:24]} {[%emt
00:01:48]} Re8 {[%clk 00:23:52]} {[%emt 00:01:40]} 27. Ng3 {[%clk 00:20:35]}
Nd5 28. Bxd5 {[%emt 00:03:13]} Qxd5 {[%emt 00:01:15]} 29. Nxh5 {[%clk
00:20:04]} {[%emt 00:00:08]} gxh5 {[%emt 00:01:00]} 30. Kb1 {[%emt 00:00:25]}
Rg6 {[%emt 00:00:11]} 31. Rg3 {[%emt 00:00:37]} Reg8 1/2-1/2

[Event "DVM U16 2021"]
[Site "Kiel GER"]
[Date "2022.07.25"]
[Round "6"]
[White "Stark, Amalia"]
[Black "Miller, Konstantin"]
[Result "1-0"]
[Termination "normal"]
[Board "7.3"]
[WhiteElo "1365"]
[BlackElo "1790"]
[WhiteClock "01:18:10"]
[BlackClock "00:52:54"]
[WhiteTeam "SC Ansbach 1855 e.V."]
[BlackTeam "SK Freiburg-Zähringen 1887 e.V."]
[PlyCount "43"]
[WhiteFideId "16230132"]
[BlackFideId "34628380"]
[EventCountry "GER"]
[EventRounds "7"]
[EventType "team-swiss"]
[EventDate "2022.07.22"]

1. e4 {[%clk 01:30:57]} {[%emt 00:00:02]} e5 {[%clk 01:30:09]} {[%emt
00:00:52]} 2. Nf3 {[%clk 01:31:07]} {[%emt 00:00:20]} Nc6 {[%clk 01:30:30]}
{[%emt 00:00:08]} 3. Bb5 {[%clk 01:30:20]} {[%emt 00:01:18]} a6 {[%clk
01:30:25]} {[%emt 00:00:35]} 4. Ba4 {[%clk 01:28:27]} {[%emt 00:02:22]} Nf6
{[%clk 01:30:47]} {[%emt 00:00:09]} 5. O-O {[%clk 01:28:44]} {[%emt 00:00:14]}
b5 {[%clk 01:30:49]} {[%emt 00:00:27]} 6. Bb3 {[%clk 01:29:06]} {[%emt
00:00:07]} Be7 {[%clk 01:31:06]} {[%emt 00:00:14]} 7. d3 {[%clk 01:29:15]}
{[%emt 00:00:21]} d6 {[%clk 01:31:01]} {[%emt 00:00:35]} 8. h3 {[%clk
01:29:34]} {[%emt 00:00:12]} h6 {[%clk 01:30:40]} {[%emt 00:00:51]} 9. a4
{[%clk 01:29:18]} {[%emt 00:00:45]} b4 {[%clk 01:30:59]} {[%emt 00:00:12]} 10.
c3 {[%clk 01:27:36]} {[%emt 00:02:11]} a5 {[%clk 01:29:23]} {[%emt 00:02:05]}
11. Re1 {[%clk 01:25:46]} {[%emt 00:02:21]} O-O {[%clk 01:29:21]} {[%emt
00:00:32]} 12. d4 {[%clk 01:25:42]} {[%emt 00:00:33]} Rb8 {[%clk 01:25:59]}
{[%emt 00:03:53]} 13. d5 {[%clk 01:25:40]} {[%emt 00:00:32]} Na7 {[%clk
01:26:17]} {[%emt 00:00:11]} 14. Be3 {[%clk 01:25:46]} {[%emt 00:00:25]} Ra8
{[%clk 01:25:54]} {[%emt 00:00:53]} 15. Nbd2 {[%clk 01:24:45]} {[%emt
00:01:31]} Ba6 {[%clk 01:25:53]} {[%emt 00:00:29]} 16. c4 {[%clk 01:24:36]}
{[%emt 00:00:41]} Nc8 {[%clk 01:24:53]} {[%emt 00:01:29]} 17. Nh4 {[%clk
01:21:24]} {[%emt 00:03:44]} Nxe4 {[%clk 01:18:32]} {[%emt 00:06:51]} 18. Nxe4
{[%clk 01:19:16]} {[%emt 00:02:37]} Bxh4 {[%clk 01:18:45]} {[%emt 00:00:18]}
19. Qh5 {[%clk 01:19:06]} {[%emt 00:00:40]} Kh7 {[%clk 01:16:54]} {[%emt
00:02:20]} 20. Bc2 {[%clk 01:18:24]} {[%emt 00:01:12]} g6 {[%clk 00:52:31]}
{[%emt 00:24:53]} 21. Qxh6+ {[%clk 01:18:09]} {[%emt 00:00:45]} Kg8 {[%clk
00:52:54]} {[%emt 00:00:07]} 22. Ng5 {[%clk 01:18:10]} {[%emt 00:00:29]} 1-0

[Event "DVM U16 2021"]
[Site "Kiel GER"]
[Date "2022.07.25"]
[Round "6"]
[White "Miller, Lysander"]
[Black "Seiler, Leon"]
[Result "1-0"]
[Termination "normal"]
[Board "7.4"]
[WhiteElo "1625"]
[BlackElo "1164"]
[WhiteClock "00:41:37"]
[BlackClock "00:53:14"]
[WhiteTeam "SK Freiburg-Zähringen 1887 e.V."]
[BlackTeam "SC Ansbach 1855 e.V."]
[PlyCount "119"]
[WhiteFideId "34628398"]
[BlackFideId "16292642"]
[EventCountry "GER"]
[EventRounds "7"]
[EventType "team-swiss"]
[EventDate "2022.07.22"]

1. e4 {[%clk 01:20:26]} {[%emt 00:10:34]} e5 {[%clk 01:30:36]} {[%emt
00:00:50]} 2. Nf3 {[%clk 01:04:26]} {[%emt 00:01:30]} Nf6 {[%clk 01:31:00]}
{[%emt 00:00:06]} 3. Nxe5 {[%clk 01:04:54]} {[%emt 00:00:02]} Nc6 {[%clk
01:31:19]} {[%emt 00:00:11]} 4. Nxc6 {[%clk 01:05:00]} {[%emt 00:00:24]} dxc6
{[%clk 01:31:45]} {[%emt 00:00:04]} 5. d3 {[%clk 01:05:09]} {[%emt 00:00:21]}
Bc5 {[%clk 01:32:08]} {[%emt 00:00:07]} 6. Be2 {[%clk 01:05:19]} {[%emt
00:00:20]} h5 {[%clk 01:32:19]} {[%emt 00:00:18]} 7. h3 {[%clk 01:05:26]}
{[%emt 00:00:23]} Be6 {[%clk 01:31:25]} {[%emt 00:01:25]} 8. Nc3 {[%emt
00:01:26]} Qe7 {[%clk 01:31:00]} {[%emt 00:00:48]} 9. Bg5 {[%clk 01:04:33]}
{[%emt 00:00:32]} Qd7 {[%clk 01:30:10]} {[%emt 00:01:22]} 10. a3 {[%clk
01:02:05]} {[%emt 00:02:59]} Nh7 {[%clk 01:26:36]} {[%emt 00:04:03]} 11. Qd2
{[%clk 01:00:56]} {[%emt 00:01:38]} Nxg5 {[%clk 01:25:43]} {[%emt 00:01:23]}
12. Qxg5 {[%clk 01:01:13]} {[%emt 00:00:13]} Qd4 {[%clk 01:26:00]} {[%emt
00:00:12]} 13. Rf1 {[%clk 01:01:03]} {[%emt 00:00:40]} Be7 {[%clk 01:24:36]}
{[%emt 00:01:55]} 14. Qg3 {[%clk 00:59:19]} {[%emt 00:02:14]} O-O-O {[%clk
01:23:25]} {[%emt 00:01:42]} 15. f4 {[%clk 00:58:45]} {[%emt 00:01:03]} f5
{[%clk 01:22:39]} {[%emt 00:01:16]} 16. Qg6 {[%clk 00:58:00]} {[%emt 00:01:15]}
Qf6 {[%clk 01:21:23]} {[%emt 00:01:47]} 17. Bxh5 {[%clk 00:55:09]} {[%emt
00:03:20]} Qxg6 {[%clk 01:19:38]} {[%emt 00:02:15]} 18. Bxg6 {[%clk 00:55:32]}
{[%emt 00:00:07]} Bh4+ {[%clk 01:19:50]} {[%emt 00:00:18]} 19. Ke2 {[%clk
00:54:28]} {[%emt 00:01:35]} fxe4 {[%clk 01:18:44]} {[%emt 00:01:36]} 20. Bxe4
{[%clk 00:53:01]} {[%emt 00:01:57]} Rde8 {[%clk 01:17:45]} {[%emt 00:01:29]}
21. Kd2 {[%clk 00:48:51]} {[%emt 00:04:39]} c5 {[%clk 01:15:14]} {[%emt
00:03:02]} 22. Rad1 {[%clk 00:47:28]} {[%emt 00:01:52]} c6 {[%clk 01:14:06]}
{[%emt 00:01:39]} 23. Kc1 {[%clk 00:47:29]} {[%emt 00:00:29]} Bf6 {[%clk
01:10:51]} {[%emt 00:03:46]} 24. Ne2 {[%clk 00:47:14]} {[%emt 00:00:43]} Bd5
{[%clk 01:10:07]} {[%emt 00:01:15]} 25. Ng3 {[%clk 00:44:32]} {[%emt 00:03:12]}
Bh4 {[%clk 01:09:33]} {[%emt 00:01:04]} 26. Nf5 {[%clk 00:42:42]} {[%emt
00:02:19]} Kc7 {[%clk 01:07:48]} {[%emt 00:02:16]} 27. Nxh4 {[%clk 00:42:29]}
{[%emt 00:00:41]} Rxh4 {[%clk 01:08:12]} {[%emt 00:00:07]} 28. Rde1 {[%clk
00:42:33]} {[%emt 00:00:26]} Kd6 {[%clk 01:07:20]} {[%emt 00:01:23]} 29. Bxd5
{[%clk 00:42:19]} {[%emt 00:00:44]} Rxe1+ {[%clk 01:07:39]} {[%emt 00:00:12]}
30. Rxe1 {[%clk 00:42:44]} {[%emt 00:00:04]} cxd5 {[%clk 01:07:27]} {[%emt
00:00:42]} 31. Rf1 {[%clk 00:42:52]} {[%emt 00:00:21]} Rh6 {[%clk 01:07:23]}
{[%emt 00:00:35]} 32. Rf3 {[%clk 00:43:03]} {[%emt 00:00:18]} Rg6 {[%clk
01:06:49]} {[%emt 00:01:04]} 33. g4 {[%clk 00:43:25]} {[%emt 00:00:08]} Rf6
{[%clk 01:06:21]} {[%emt 00:00:59]} 34. g5 {[%clk 00:43:39]} {[%emt 00:00:16]}
Rf7 {[%clk 01:04:14]} {[%emt 00:02:36]} 35. h4 {[%clk 00:43:22]} {[%emt
00:00:47]} Ke6 {[%clk 01:03:46]} {[%emt 00:00:59]} 36. Rf1 {[%clk 00:42:37]}
{[%emt 00:01:13]} Kf5 {[%clk 01:03:53]} {[%emt 00:00:25]} 37. Kd2 {[%clk
00:42:42]} {[%emt 00:00:25]} Kg4 {[%clk 01:03:25]} {[%emt 00:00:58]} 38. Rg1+
{[%clk 00:42:32]} {[%emt 00:00:39]} Kxh4 {[%clk 01:03:15]} {[%emt 00:00:41]}
39. Ke3 {[%clk 00:42:52]} {[%emt 00:00:10]} Kh5 {[%clk 01:03:01]} {[%emt
00:00:44]} 40. Kf3 {[%clk 00:42:46]} {[%emt 00:00:35]} Kg6 {[%clk 01:03:03]}
{[%emt 00:00:28]} 41. Kg4 {[%clk 00:43:05]} {[%emt 00:00:11]} Re7 {[%clk
01:02:51]} {[%emt 00:00:43]} 42. f5+ {[%clk 00:43:25]} {[%emt 00:00:10]} Kf7
{[%clk 01:03:14]} {[%emt 00:00:06]} 43. Rg2 {[%clk 00:42:58]} {[%emt 00:00:57]}
Rd7 {[%clk 00:59:50]} {[%emt 00:03:56]} 44. Re2 {[%clk 00:42:46]} {[%emt
00:00:40]} Rd6 {[%clk 00:59:48]} {[%emt 00:00:33]} 45. Kf4 {[%clk 00:41:29]}
{[%emt 00:01:46]} b6 {[%clk 00:58:45]} {[%emt 00:01:35]} 46. Ke5 {[%clk
00:41:03]} {[%emt 00:00:54]} Ke7 {[%clk 00:58:51]} {[%emt 00:00:24]} 47. Rf2
{[%clk 00:40:39]} {[%emt 00:00:54]} Kd7 {[%clk 00:54:05]} {[%emt 00:05:18]} 48.
f6 {[%clk 00:39:32]} {[%emt 00:01:35]} Re6+ {[%clk 00:53:45]} {[%emt 00:00:50]}
49. Kxd5 {[%clk 00:38:44]} {[%emt 00:01:19]} gxf6 {[%clk 00:53:08]} {[%emt
00:01:07]} 50. gxf6 {[%clk 00:38:33]} {[%emt 00:00:41]} Re8 {[%clk 00:52:56]}
{[%emt 00:00:41]} 51. f7 {[%clk 00:38:52]} {[%emt 00:00:11]} Rf8 {[%clk
00:53:20]} {[%emt 00:00:07]} 52. c4 {[%clk 00:38:57]} {[%emt 00:00:25]} Ke7
{[%clk 00:53:00]} {[%emt 00:00:50]} 53. Kc6 {[%clk 00:39:12]} {[%emt 00:00:14]}
Kd8 {[%clk 00:52:24]} {[%emt 00:01:06]} 54. Kd6 {[%clk 00:39:19]} {[%emt
00:00:23]} a6 {[%clk 00:52:22]} {[%emt 00:00:32]} 55. a4 {[%clk 00:39:42]}
{[%emt 00:00:08]} b5 {[%clk 00:52:04]} {[%emt 00:00:48]} 56. axb5 {[%clk
00:40:05]} {[%emt 00:00:06]} axb5 {[%clk 00:52:27]} {[%emt 00:00:08]} 57. cxb5
{[%clk 00:40:28]} {[%emt 00:00:06]} Kc8 {[%clk 00:52:42]} {[%emt 00:00:15]} 58.
Ke7 {[%clk 00:40:49]} {[%emt 00:00:09]} Rd8 {[%clk 00:52:55]} {[%emt 00:00:17]}
59. f8=Q {[%clk 00:41:12]} {[%emt 00:00:08]} Rxf8 {[%clk 00:53:14]} {[%emt
00:00:11]} 60. Rxf8+ {[%clk 00:41:37]} {[%emt 00:00:05]} 1-0

[Event "DVM U16 2021"]
[Site "Kiel GER"]
[Date "2022.07.25"]
[Round "6"]
[White "Fedgenhäuer, Paul"]
[Black "Cilo, Selimhan"]
[Result "0-1"]
[Termination "normal"]
[Board "8.1"]
[WhiteElo "1354"]
[BlackElo "1500"]
[WhiteClock "00:36:05"]
[BlackClock "00:38:54"]
[WhiteTeam "SV Grün-Weiß Niederwiesa"]
[BlackTeam "SF 1876 Göppingen"]
[PlyCount "98"]
[WhiteFideId "34628347"]
[BlackFideId "16246756"]
[EventCountry "GER"]
[EventRounds "7"]
[EventType "team-swiss"]
[EventDate "2022.07.22"]

1. e4 {[%clk 01:30:57]} {[%emt 00:00:02]} e5 {[%clk 01:30:56]} {[%emt
00:00:05]} 2. Nf3 {[%clk 01:31:22]} {[%emt 00:00:05]} Nc6 {[%clk 01:31:20]}
{[%emt 00:00:06]} 3. Bb5 {[%clk 01:31:30]} {[%emt 00:00:21]} a6 {[%clk
01:31:44]} {[%emt 00:00:07]} 4. Ba4 {[%clk 01:31:35]} {[%emt 00:00:24]} Nf6
{[%clk 01:32:07]} {[%emt 00:00:08]} 5. O-O {[%clk 01:30:52]} {[%emt 00:01:13]}
Bc5 {[%clk 01:32:24]} {[%emt 00:00:12]} 6. Nc3 {[%clk 01:30:36]} {[%emt
00:00:46]} b5 {[%clk 01:32:20]} {[%emt 00:00:35]} 7. Bb3 {[%clk 01:30:47]}
{[%emt 00:00:19]} d6 {[%clk 01:32:39]} {[%emt 00:00:11]} 8. d3 {[%clk
01:30:31]} {[%emt 00:00:45]} Bg4 {[%clk 01:32:06]} {[%emt 00:01:03]} 9. h3
{[%clk 01:30:21]} {[%emt 00:00:41]} Bh5 {[%clk 01:32:19]} {[%emt 00:00:16]} 10.
Bg5 {[%clk 01:29:01]} {[%emt 00:01:50]} h6 {[%clk 01:31:20]} {[%emt 00:01:30]}
11. Bh4 {[%clk 01:28:31]} {[%emt 00:00:59]} g5 {[%clk 01:31:14]} {[%emt
00:00:36]} 12. Bg3 {[%clk 01:28:43]} {[%emt 00:00:18]} Nd4 {[%clk 01:31:30]}
{[%emt 00:00:14]} 13. Nb1 {[%clk 01:19:17]} {[%emt 00:09:57]} Bxf3 {[%clk
01:30:13]} {[%emt 00:01:48]} 14. gxf3 {[%clk 01:19:28]} {[%emt 00:00:18]} Nh5
{[%clk 01:29:41]} {[%emt 00:01:01]} 15. Bh2 {[%clk 01:17:42]} {[%emt 00:02:16]}
Nf4 {[%clk 01:29:28]} {[%emt 00:00:45]} 16. c3 {[%clk 01:12:48]} {[%emt
00:05:23]} Nxh3+ {[%clk 01:25:51]} {[%emt 00:04:06]} 17. Kg2 {[%clk 01:12:03]}
{[%emt 00:01:14]} Nf4+ {[%clk 01:25:59]} {[%emt 00:00:24]} 18. Bxf4 {[%clk
01:12:03]} {[%emt 00:00:30]} gxf4 {[%clk 01:26:22]} {[%emt 00:00:06]} 19. Rg1
{[%clk 01:11:21]} {[%emt 00:01:12]} Ne6 {[%clk 01:25:43]} {[%emt 00:01:10]} 20.
Kf1 {[%clk 01:11:00]} {[%emt 00:00:50]} Qh4 {[%clk 01:24:25]} {[%emt 00:01:49]}
21. Qe2 {[%clk 01:09:28]} {[%emt 00:02:01]} Ng5 {[%clk 01:19:31]} {[%emt
00:05:24]} 22. Ke1 {[%clk 01:06:06]} {[%emt 00:03:50]} Rg8 {[%clk 01:16:00]}
{[%emt 00:04:03]} 23. Kd1 {[%clk 01:03:38]} {[%emt 00:02:58]} Bxf2 {[%clk
01:10:48]} {[%emt 00:05:43]} 24. Rf1 {[%clk 01:01:33]} {[%emt 00:02:33]} Be3
{[%clk 01:10:53]} {[%emt 00:00:27]} 25. Nd2 {[%clk 01:01:02]} {[%emt 00:01:01]}
Nh3 {[%clk 01:10:08]} {[%emt 00:01:14]} 26. Kc2 {[%clk 01:00:41]} {[%emt
00:00:50]} Ng1 {[%clk 01:10:02]} {[%emt 00:00:38]} 27. Rxg1 {[%clk 00:59:04]}
{[%emt 00:02:07]} Bxg1 {[%clk 01:09:52]} {[%emt 00:00:39]} 28. Rd1 {[%clk
00:56:56]} {[%emt 00:02:35]} Qh3 {[%clk 01:07:17]} {[%emt 00:03:08]} 29. d4
{[%clk 00:54:20]} {[%emt 00:03:06]} Rg2 {[%clk 01:05:31]} {[%emt 00:02:16]} 30.
Qd3 {[%clk 00:54:25]} {[%emt 00:00:25]} O-O-O {[%clk 01:05:49]} {[%emt
00:00:12]} 31. c4 {[%clk 00:50:19]} {[%emt 00:04:37]} Be3 {[%clk 01:01:13]}
{[%emt 00:05:06]} 32. cxb5 {[%clk 00:48:12]} {[%emt 00:02:36]} axb5 {[%clk
01:01:37]} {[%emt 00:00:06]} 33. Bxf7 {[%clk 00:43:59]} {[%emt 00:04:43]} Rf8
{[%clk 00:58:54]} {[%emt 00:03:14]} 34. Bd5 {[%clk 00:43:28]} {[%emt 00:01:00]}
Qd7 {[%clk 00:55:39]} {[%emt 00:03:45]} 35. Qb3 {[%clk 00:40:53]} {[%emt
00:03:05]} Rf6 {[%clk 00:54:05]} {[%emt 00:02:05]} 36. Kd3 {[%clk 00:37:58]}
{[%emt 00:03:23]} c6 {[%clk 00:50:18]} {[%emt 00:04:18]} 37. Qc2 {[%clk
00:36:09]} {[%emt 00:02:19]} Kb7 {[%clk 00:49:22]} {[%emt 00:01:26]} 38. Bb3
{[%clk 00:35:50]} {[%emt 00:00:50]} exd4 {[%clk 00:48:24]} {[%emt 00:01:28]}
39. a4 {[%clk 00:35:08]} {[%emt 00:01:12]} d5 {[%clk 00:45:43]} {[%emt
00:03:11]} 40. Qc5 {[%clk 00:33:35]} {[%emt 00:02:01]} Bxd2 {[%clk 00:44:22]}
{[%emt 00:01:53]} 41. Rxd2 {[%clk 00:33:52]} {[%emt 00:00:13]} dxe4+ {[%clk
00:44:44]} {[%emt 00:00:08]} 42. fxe4 {[%clk 00:34:06]} {[%emt 00:00:16]} Qh3+
{[%clk 00:43:49]} {[%emt 00:01:25]} 43. Kc2 {[%clk 00:34:04]} {[%emt 00:00:30]}
Rxd2+ {[%clk 00:44:05]} {[%emt 00:00:15]} 44. Kxd2 {[%clk 00:34:30]} {[%emt
00:00:04]} Qe3+ {[%clk 00:39:59]} {[%emt 00:04:36]} 45. Kc2 {[%clk 00:34:51]}
{[%emt 00:00:10]} Qxe4+ {[%clk 00:40:16]} {[%emt 00:00:13]} 46. Kc1 {[%clk
00:35:02]} {[%emt 00:00:17]} Qe1+ {[%clk 00:40:09]} {[%emt 00:00:37]} 47. Kc2
{[%clk 00:35:22]} {[%emt 00:00:11]} Qe4+ {[%clk 00:38:19]} {[%emt 00:02:20]}
48. Kc1 {[%clk 00:35:42]} {[%emt 00:00:10]} Qe3+ {[%clk 00:38:34]} {[%emt
00:00:15]} 49. Kc2 {[%clk 00:36:05]} {[%emt 00:00:07]} d3+ {[%clk 00:38:54]}
{[%emt 00:00:11]} 0-1

[Event "DVM U16 2021"]
[Site "Kiel GER"]
[Date "2022.07.25"]
[Round "6"]
[White "Kittel, Lennart"]
[Black "Müller, Yannik"]
[Result "1/2-1/2"]
[Termination "normal"]
[Board "8.2"]
[WhiteElo "1557"]
[BlackElo "1323"]
[WhiteClock "00:24:30"]
[BlackClock "00:23:19"]
[WhiteTeam "SF 1876 Göppingen"]
[BlackTeam "SV Grün-Weiß Niederwiesa"]
[PlyCount "50"]
[WhiteFideId "16254171"]
[BlackFideId "16294750"]
[EventCountry "GER"]
[EventRounds "7"]
[EventType "team-swiss"]
[EventDate "2022.07.22"]

1. d4 {[%clk 01:30:57]} {[%emt 00:00:02]} d5 {[%clk 01:30:54]} {[%emt
00:00:06]} 2. c4 {[%clk 01:31:17]} {[%emt 00:00:10]} Nf6 {[%clk 01:31:14]}
{[%emt 00:00:10]} 3. Nc3 {[%clk 01:31:33]} {[%emt 00:00:14]} e6 {[%clk
01:31:32]} {[%emt 00:00:12]} 4. Nf3 {[%clk 01:31:45]} {[%emt 00:00:18]} c5
{[%clk 01:31:13]} {[%emt 00:00:48]} 5. dxc5 {[%clk 01:31:05]} {[%emt 00:01:11]}
Bxc5 {[%clk 01:30:12]} {[%emt 00:01:30]} 6. Bg5 {[%clk 01:29:50]} {[%emt
00:01:46]} Qb6 {[%clk 01:25:21]} {[%emt 00:05:20]} 7. e3 {[%clk 01:28:35]}
{[%emt 00:01:46]} Qxb2 {[%clk 01:18:43]} {[%emt 00:07:07]} 8. Bxf6 {[%clk
01:26:32]} {[%emt 00:02:34]} gxf6 {[%clk 01:18:56]} {[%emt 00:00:17]} 9. Rc1
{[%clk 01:23:21]} {[%emt 00:03:40]} Bb4 {[%clk 01:14:43]} {[%emt 00:04:44]} 10.
Qd2 {[%clk 01:20:22]} {[%emt 00:03:30]} Bxc3 {[%clk 01:09:04]} {[%emt
00:06:08]} 11. Qxc3 {[%clk 01:20:06]} {[%emt 00:00:46]} Qxc3+ {[%clk 01:09:22]}
{[%emt 00:00:12]} 12. Rxc3 {[%clk 01:20:22]} {[%emt 00:00:14]} dxc4 {[%clk
01:04:41]} {[%emt 00:05:11]} 13. Bxc4 {[%clk 01:20:10]} {[%emt 00:00:42]} Nc6
{[%clk 01:03:31]} {[%emt 00:01:40]} 14. Ke2 {[%clk 01:18:35]} {[%emt 00:02:04]}
Ke7 {[%clk 00:56:56]} {[%emt 00:07:05]} 15. Rhc1 {[%clk 01:12:07]} {[%emt
00:06:57]} Bd7 {[%clk 00:51:48]} {[%emt 00:05:39]} 16. Bb5 {[%clk 01:10:41]}
{[%emt 00:01:57]} e5 {[%clk 00:50:45]} {[%emt 00:01:33]} 17. g3 {[%clk
01:01:44]} {[%emt 00:09:27]} Rac8 {[%clk 00:45:44]} {[%emt 00:05:31]} 18. Ke1
{[%clk 00:52:54]} {[%emt 00:09:20]} Nb4 {[%clk 00:37:23]} {[%emt 00:08:50]} 19.
Rc7 {[%clk 00:46:58]} {[%emt 00:06:27]} Rxc7 {[%clk 00:25:03]} {[%emt
00:12:50]} 20. Rxc7 {[%clk 00:47:08]} {[%emt 00:00:20]} Rd8 {[%clk 00:25:10]}
{[%emt 00:00:22]} 21. Rxb7 {[%clk 00:42:53]} {[%emt 00:04:46]} Nxa2 {[%clk
00:24:54]} {[%emt 00:00:46]} 22. Rxa7 {[%clk 00:35:16]} {[%emt 00:08:07]} Nc3
{[%clk 00:22:41]} {[%emt 00:02:42]} 23. Rxd7+ {[%clk 00:24:29]} {[%emt
00:11:17]} Rxd7 {[%clk 00:23:01]} {[%emt 00:00:10]} 24. Bxd7 {[%clk 00:24:38]}
{[%emt 00:00:21]} Kxd7 {[%clk 00:23:20]} {[%emt 00:00:11]} 25. Kd2 {[%clk
00:24:30]} {[%emt 00:00:39]} Ne4+ {[%clk 00:23:19]} {[%emt 00:00:31]} 1/2-1/2